Frontières de la République Centrafricaine. - Statistiques

Statistiques générales
  • Ce quiz a été pris 344 fois
  • Le résultat moyen est 6 sur 6
Statistiques - réponses
Longueur Pays frontalier % Correct
1577 km Rep.Dem.du Congo
98%
467 km République du Congo
98%
175 km Soudan
95%
990 km Soudan du Sud
94%
1197 km Tchad
94%
797 km Cameroun
92%
Aucun quiz correspondant
Distribution des résultats
% des personnes avec chaque résultat
Percentile par nombre de réponses
Votre historique - résultats
Vous n’avez pas pris ce quiz